| 000 | 00694nam a22002297a 4500 | ||
|---|---|---|---|
| 001 | 000387 | ||
| 003 | DO-SdBNP | ||
| 005 | 20180205153133.0 | ||
| 007 | 000387 | ||
| 008 | 160715b 2010 pe ||||| |||| 00| 0 spa d | ||
| 020 | _a9786124573316 | ||
| 040 |
_aBPMSU _bspa _cBPMSU |
||
| 092 |
_axxxxxx _bxxxxxx |
||
| 100 | 1 | _aGranados, Pedro | |
| 245 | 1 | 0 |
_aVallejo sin fronteras / _cPedro Granados. |
| 260 |
_aLima, Perú : _bArcadia: _bEspacio Culturales, _c2010. |
||
| 300 |
_a114 p. ; _c21 cm. |
||
| 500 | _aIncluye datos biográficos del autor en la solapa de la contracubierta. | ||
| 942 |
_2ddc _cBK |
||
| 945 | _aInventariado, 2018 / BT | ||
| 956 |
_2LOPEREZ _310 _620160715 _8BPMSU _a00041 |
||
| 999 |
_c10890 _d10890 |
||